000
00313nam a22001337a 4500
008
181012b xxu||||| |||| 00| 0 eng d
020
_a
9780721647470
041
_a
eng
080
_a
617
100
_a
8
101
_a
OFT
245
_a
Specialty Contact Lenses: A Fitter's Guide
_c
Schwartz,C.A
942
_2
udc
_c
BK
999
_c
49468
_d
49468